MARC

Tag First Indicator Second Indicator Subfields
LEADER 00000cam a2200000 i 4500
001 in00000040983
005 20151007070556.0
008 150910s1978 cau b 00000 eng
010 |a  78057148  
020 |a 0821101315 
035 |a (OCoLC)04477163 
035 |9 AAE4279AM 
040 |a DLC  |c DLC  |d VET  |d CLU  |d TXA  |d UtOrBLW 
043 |a n-us--- 
049 |a TXAM  |c [1160248] 
050 0 0 |a RA395.A3  |b H413 
060 0 |a W 84 AA1 H434 1978 
082 0 |a 362.1/0973 
245 0 0 |a Health care policy in a changing environment /  |c edited by Roger M. Battistella and Thomas G. Rundall ; with an introd. by Spencer C. Johnson. 
264 1 |a Berkeley, Calif. :  |b McCutchan Pub. Corp.,  |c [1978] 
264 4 |c ©1978 
300 |a xxvii, 390 pages :  |b graphs ;  |c 24 cm. 
336 |a text  |b txt  |2 rdacontent 
337 |a unmediated  |b n  |2 rdamedia 
338 |a volume  |b nc  |2 rdacarrier 
504 |a Includes bibliographies. 
650 0 |a Medical policy  |z United States. 
650 0 |a Medical care  |z United States. 
650 2 |a Delivery of Health Care  |x United States. 
650 2 |a Environmental Health  |x United States. 
650 2 |a Health Services  |x United States. 
650 2 |a Quality of Health Care  |x United States. 
651 2 |a United States. 
650 2 |a Delivery of Health Care  |z U. S. 
650 2 |a Environmental Health  |z U. S. 
650 2 |a Health Services  |z U. S. 
650 2 |a Quality of Health Care  |z U. S. 
700 1 |a Battistella, Roger M. 
700 1 |a Rundall, Thomas G. 
999 |a MARS 
999 f f |s 42bbbdd9-2372-3204-bf90-859d322ee0bb  |i e4195a3b-d2ae-3d51-9bd6-ba134fd151b0  |t 0 
952 f f |p ric  |a Texas A&M University  |b Rellis Campus  |c Joint Library Facility  |d Remote Storage  |t 0  |e RA395.A3 H413  |h Library of Congress classification  |i unmediated -- volume  |m A14805062915 
998 f f |a RA395.A3 H413  |t 0  |l Remote Storage